000 00517nam a2200157 4500
008 161105b xxu||||| |||| 00| 0 eng d
020 _a1405304065
082 _22004
_aDRef 030
_bAs3t
100 _916965
_aAsh, Russell
245 _aTop 10 of everything 2005 /
_cRussell Ash.
260 _aLondon :
_bDorling Kindersley,
_cc2004.
300 _a256 pages:
_bcolor illustrations;
_c28 cm.
500 _aIncludes bibliographical references and index.
650 0 _916966
_aCuriosities and wonders
942 _2ddc
_cDREF
999 _c5502
_d5502